Movies Quiz

Random Movies or Actor Quiz
Score 0/20 Timer 06:00
1 Play Today
Places Actor % Correct
Through the Looking Glass, In the Chocolate Factory, at World's EndJohnny Depp
86.2%
The North Pole, Cape Canaveral, Andy's BedroomTom Hanks
80.3%
An Atlanta Piggly Wiggly, Nottingham forest, Shawshank PrisonMorgan Freeman
78.7%
Pankot Palace, Ebbets Field, HothHarrison Ford
66.4%
Cook County Hospital, Gotham City, MIB HeadquartersTommy Lee Jones
66%
A cave in Afghanistan, The Golden Triangle, 221B Baker StreetRobert Downey Jr.
64.3%
Joe Robbie Stadium, Lake Lachrymose, WhovilleJim Carrey
62%
Beverly Hills, Duloc, ZamundaEddie Murphy
60.9%
Air Force One, Gotham City, AzkabanGary Oldman
60%
Metroville, Isla Nublar, On a planeSamuel L. Jackson
58%
Places Actor % Correct
Hogwarts, Nottingham, Nakatomi PlazaAlan Rickman
56.1%
Rorke's Drift, Bexhill, Wayne ManorMichael Caine
54.1%
Nakatomi Plaza, New Penzance, Mir space stationBruce Willis
52.1%
The USS Enterprise, Daytona International Speedway, Théâtre des VampiresTom Cruise
47.5%
MIT, Welton Academy, AgrabahRobin Williams
41.5%
Naboo, Kraków, NarniaLiam Neeson
38.7%
Westchester County NY, Trollesund, the ShireIan McKellen
29.4%
Rohan, Starfleet Academy, Mega-City OneKarl Urban
18.6%
A Mississippi shack, Élysée Palace, Santo PocoSteve Martin
10.6%
The Hotel Daniels, Stalag III, The Glass TowerSteve McQueen
6.5%

You're not logged in!

Compare scores with friends on all Sporcle quizzes.
OR
Log In

Sporcle TV

Today on Sporcle TV


Watch our educational content, quiz creation guides, and fun videos on Sporcle TV.

Show Comments

Extras

Top Quizzes Today


Score Distribution

Paid Content

Your Account Isn't Verified!

In order to create a playlist on Sporcle, you need to verify the email address you used during registration. Go to your Sporcle Settings to finish the process.

Report this User

Report this user for behavior that violates our Community Guidelines.

Details: